Statistiken für Alle Minderheiten Islands

Klicken Sie hier um das Quiz zu spielen!

Allgemein

  • Dieses Quiz wurde 47 mal gespielt
  • Das Durchschnittsergebnis liegt bei 23 aus 29

Antwortstatistiken

BevölkerungLand% Korrekt
1,969Deutschland
100%
1,275Norwegen
100%
2,161Schweden
100%
452Russland
95%
2,386USA
93%
3,891Dänemark
91%
357Kanada
91%
909Spanien
88%
686China
86%
835Frankreich
86%
19,210Polen
86%
993Portugal
84%
1,702Vereinigtes Königreich
84%
357Indien
81%
482Italien
81%
375Niederlande
81%
744Tschechien
77%
402Ukraine
77%
473Bulgarien
72%
1,762Lettland
72%
2,906Litauen
72%
1,536Rumänien
70%
475Slowakei
70%
657Kroatien
67%
464Ungarn
67%
468Serbien
60%
840Vietnam
51%
1,375Thailand
49%
2,094Philippinen
40%

Verteilung der Resultate

Perzentil nach korrekt beantworteten Fragen

Anzahl Personen mit jedem Resultat

Ihre Resultats-Entwicklung

Sie haben dieses Quiz noch nicht gespielt